[Event "Madrid-ch final"]
[Site "Madrid"]
[Date "2020.07.19"]
[Round "2"]
[White "Garcia Gonzalez, Jesus"]
[Black "Vinas Blasco, Jorge"]
[Result "1-0"]
[WhiteElo "2029"]
[BlackElo "1781"]
[PlyCount "35"]
[EventDate "2020.07.18"]
[EventType "swiss"]
[EventRounds "7"]
[EventCountry "ESP"]
[SourceTitle "EXT 2021"]
[Source "ChessBase"]
[SourceDate "2020.10.23"]
[SourceVersion "1"]
[SourceVersionDate "2020.10.23"]
[SourceQuality "1"]

1. d4 Nf6 2. Nf3 d5 3. Bg5 e6 4. e3 Be7 5. Nbd2 0-0 6. Bd3 c5 7. c3 b6 8. Ne5 Bb7 9. Qf3 Nfd7 10. h4 f6 11. Qh5 f5 12. Ndf3 Nf6 13. Bxf6 Rxf6 14. Ng5 h6 15. Nxe6 Qc8 16. Bxf5 g6 17. Nxg6 Rxe6 18. Nxe7+ 1-0

[Event "Madrid-chT 1617"]
[Site "Madrid"]
[Date "2017.02.12"]
[Round "9.45"]
[White "Garcia Gonzalez, Jesus"]
[Black "Quispe Arteaga, Gabriel"]
[Result "1-0"]
[WhiteElo "2033"]
[BlackElo "2270"]
[PlyCount "51"]
[EventDate "2016.11.20"]
[EventType "team-tourn"]
[EventRounds "14"]
[EventCountry "ESP"]
[SourceTitle "EXT 2018"]
[Source "ChessBase"]
[SourceDate "2017.10.13"]
[SourceVersion "1"]
[SourceVersionDate "2017.10.13"]
[SourceQuality "1"]
[WhiteTeam "Moratalaz"]
[BlackTeam "Virgen de Atocha"]
[WhiteTeamCountry "ESP"]
[BlackTeamCountry "ESP"]

1. e4 c5 2. Nf3 Nc6 3. c3 d5 4. exd5 Qxd5 5. d4 Bg4 6. Be2 Nf6 7. c4 Qf5 8. d5 Bxf3 9. Bxf3 Nd4 10. 0-0 0-0-0 11. Be3 e5 12. Nc3 Bd6 13. Bxd4 cxd4 14. Ne4 h5 15. Qc2 Qd7 16. c5 Bf8 17. Nxf6 gxf6 18. Be4 Kb8 19. d6 Bh6 20. b4 Rhg8 21. b5 b6 22. Bf5 Qxb5 23. c6 Rc8 24. c7+ Kb7 25. Be4+ Ka6 26. Bd3 1-0

[Event "Madrid-ch sf-A"]
[Site "Madrid"]
[Date "2014.03.24"]
[Round "7"]
[White "Garcia Gonzalez, Jesus"]
[Black "Saber, Salah"]
[Result "1-0"]
[WhiteElo "1993"]
[BlackElo "1847"]
[PlyCount "60"]
[EventDate "2014.03.10"]
[EventType "swiss"]
[EventRounds "9"]
[EventCountry "ESP"]
[SourceTitle "EXT 2015"]
[Source "ChessBase"]
[SourceDate "2014.11.20"]
[SourceVersion "1"]
[SourceVersionDate "2014.11.20"]
[SourceQuality "1"]

1. e4 e5 2. Nc3 Nf6 3. f4 d6 4. Nf3 Bg4 5. h3 Bxf3 6. Qxf3 Nbd7 7. Bc4 Be7 8. d3 c6 9. a4 a6 10. 0-0 Qc7 11. Be3 h6 12. Ne2 Qa5 13. b4 Qd8 14. c3 b5 15. Bb3 Qc7 16. d4 Qb8 17. Ng3 Qb7 18. fxe5 dxe5 19. Nf5 Bf8 20. dxe5 Nxe5 21. Qg3 Ng6 22. Rad1 Qb8 23. e5 Qxe5 24. Qf3 Qe4 25. Bxf7+ Kxf7 26. Nd6+ Bxd6 27. Qxe4 Rhe8 28. Qxc6 Be5 29. Bd4 bxa4 30. Qd5+ Kf8 1-0

[Event "Benidorm FEDC op 12th"]
[Site "Benidorm"]
[Date "2012.06.19"]
[Round "3"]
[White "Casla Murillo, Jorge"]
[Black "Garcia Gonzalez, Jesus"]
[Result "0-1"]
[WhiteElo "1627"]
[BlackElo "1536"]
[PlyCount "47"]
[EventDate "2012.06.17"]
[EventType "swiss"]
[EventRounds "7"]
[EventCountry "ESP"]
[SourceTitle "EXT 2024"]
[Source "ChessBase"]
[SourceDate "2023.10.10"]
[SourceVersion "1"]
[SourceVersionDate "2023.10.10"]
[SourceQuality "1"]

1. c4 e5 2. Nc3 Nf6 3. g3 g6 4. Bg2 Bg7 5. d3 a6 6. e4 0-0 7. Nge2 Nc6 8. 0-0 Nd4 9. Nxd4 exd4 10. Ne2 c5 11. Re1 Ng4 12. f3 Ne5 13. Nf4 Nxd3 14. Qxd3 Qa5 15. Bd2 Qb6 16. Rab1 d6 17. Nd5 Qd8 18. Nf4 f5 19. Nh3 fxe4 20. Qxe4 Bf5 21. Qd5+ Kh8 22. Rbd1 Qf6 23. Bg5 Qe5 24. Rxe5 0-1